[Event "II Cerrado Promocion FNA 2022"]
[Site "Pamplona"]
[Date "2022.01.05"]
[Round "5.3"]
[White "Garrido Outon, Alex"]
[Black "Escartin Lacasa, Jose"]
[Result "1-0"]
[WhiteElo "2412"]
[BlackElo "2315"]
[Annotator "TA"]
[PlyCount "73"]
[EventDate "2022.01.02"]
[EventType "tourn"]
[EventCountry "ESP"]

{[%evp 23,73,10,12,12,23,13,29,20,23,16,30,31,8,16,32,27,62,63,77,73,133,125,119,104,139,60,57,58,203,172,149,177,170,89,164,123,135,96,79,37,23,0,0,0,707,736,1197,1037,29976,29971,29990,29991]} 1. e4 c5 2. Nf3 Nc6 3. d4 cxd4 4. Nxd4 Nf6 5. Nc3 e5 6. Ndb5 d6 7. Bg5 a6 8. Na3 b5 9. Nab1 Be7 10. Bxf6 Bxf6 11. a4 b4 12. Nd5 O-O 13. Bc4 {B33: Sicilian: Pelikan and Sveshnikov Variations.} Rb8 14. O-O a5 15. Qd3 {White has an edge.} Bg5 {[#]} 16. c3 $146 {To avoid Nd4} ({Predecessor:} 16. Nd2 Kh8 17. Bb5 Nd4 18. Nb3 Nxb3 19. Qxb3 f5 20. f3 Be6 21. Qd3 Qc8 22. Bc4 {0-1 (72) Vrbljanac,T (2198)-Kosanovic,D (2339) Belgrade 2004}) 16... bxc3 17. bxc3 Ne7 18. Na3 Nxd5 19. Bxd5 Qc7 20. Nb5 Ba6 21. c4 Bxb5 (21... Qc5 $142) 22. axb5 Bd8 23. f4 {[%cal Bf2f4,Bf4f5][%mdl 32]} Qe7 24. Rf3 ({Better is} 24. f5 $16) 24... Bb6+ $14 25. Kh1 Rbc8 (25... exf4 $14 26. Rxf4 Kh8) 26. Raf1 $18 Rc7 27. f5 {Hoping for f6.} Qf6 28. g4 ({White should play} 28. Rh3 $18) 28... h6 {[#]} (28... Qg5 $16 {was called for.}) 29. Rg3 (29. Kg2 $1 $18) 29... Ra7 30. Kg2 {[%cal Oh2h4] aiming for h4!} a4 31. h4 (31. Qd2 $16) 31... Qxh4 $14 32. c5 (32. Qd2 $5 {[%cal Rf1h1]} Rd8 33. g5 hxg5 34. Rh3 Qg4+ 35. Rg3 $16) 32... Bxc5 33. g5 {Active counter play!} hxg5 {[%mdl 8192] [#]} (33... a3 $11 34. Rh1 Qf4) 34. Qe2 $18 g4 35. Rxg4 Qf6 36. Rg6 Qh4 37. Rh1 {Weighted Error Value: White=0.15 (very precise) /Black=0.49} 1-0

[Event "II Cerrado Promocion FNA 2022"]
[Site "Pamplona"]
[Date "2022.01.05"]
[Round "5.4"]
[White "Urriza Iricibar, Pablo"]
[Black "Labiano Hernandez, Juan"]
[Result "1-0"]
[WhiteElo "2286"]
[BlackElo "2210"]
[Annotator "ChessBase"]
[PlyCount "81"]
[EventDate "2022.01.02"]
[EventType "tourn"]
[EventCountry "ESP"]
[SourceTitle "playchess.com"]
[Source "ChessBase"]
[SourceQuality "1"]
[TimeControl "5400+30"]

1. e4 e5 2. Nf3 Nc6 3. d4 exd4 4. Nxd4 Nf6 5. Nxc6 bxc6 6. e5 Qe7 7. Qe2 Nd5 8. h4 a5 9. c4 Ba6 10. g3 {[%emt 0:02:06]} Qe6 {[%emt 0:16:28]} 11. Nd2 {[%emt 0:00:30]} Bb4 {[%emt 0:00:30]} 12. Bh3 {[%emt 0:00:30]} Qe7 {[%emt 0:00:30]} 13. O-O {[%emt 0:00:30]} Nb6 {[%emt 0:00:30]} 14. b3 {[%emt 0:00:30]} O-O {[%emt 0:00:30]} 15. Ne4 {[%emt 0:00:30]} Rae8 {[%emt 0:00:30]} 16. Bb2 {[%emt 0:00:30]} d5 {[%emt 0:00:30]} 17. Nf6+ {[%emt 0:00:30]} Qxf6 {[%emt 0:00:30]} 18. a3 {[%emt 0:00:30]} Bc5 {[%emt 0:00:30]} 19. b4 {[%emt 0:00:30]} Nxc4 {[%emt 0:00:30]} 20. bxc5 {[%emt 0:00:30]} Nxb2 {[%emt 0:00:30]} 21. Qxa6 {[%emt 0:00:30]} Rxe5 {[%emt 0:00:30]} 22. Qxa5 {[%emt 0:00:30]} Qe7 {[%emt 0:00:30]} 23. a4 {[%emt 0:00:30]} Nc4 {[%emt 0:00:30]} 24. Qb4 {[%emt 0:00:30]} Re2 {[%emt 0:00:30]} 25. Rfe1 {[%emt 0:00:30]} Qf6 {[%emt 0:00:30]} 26. Rxe2 {[%emt 0:00:30]} Qxa1+ {[%emt 0:00:30]} 27. Re1 {[%emt 0:00:30]} Qb2 {[%emt 0:00:30]} 28. Qxb2 {[%emt 0:00:30]} Nxb2 {[%emt 0:00:30]} 29. a5 {[%emt 0:00:30]} Nc4 {[%emt 0:00:30]} 30. a6 {[%emt 0:00:30]} Ra8 {[%emt 0:00:30]} 31. a7 {[%emt 0:00:30]} f5 {[%emt 0:00:30]} 32. Ra1 {[%emt 0:00:30]} g6 {[%emt 0:00:30]} 33. g4 {[%emt 0:00:30]} Nd2 {[%emt 0:00:30]} 34. gxf5 {[%emt 0:00:30]} Nb3 {[%emt 0:00:30]} 35. Rb1 {[%emt 0:00:30]} Rxa7 {[%emt 0:00:30]} 36. Rxb3 {[%emt 0:00:30]} Ra4 {[%emt 0:00:30]} 37. f6 {[%emt 0:00:30]} Kf7 {[%emt 0:00:30]} 38. Rf3 {[%emt 0:00:30]} Re4 {[%emt 0:00:30]} 39. Bd7 {[%emt 0:00:30]} Rc4 {[%emt 0:00:30]} 40. Be6+ {[%emt 0:00:30]} Kf8 {[%emt 0:00:30]} 41. Ra3 {[%emt 0:00:30]} 1-0

[Event "II Cerrado Promocion FNA 2022"]
[Site "Pamplona"]
[Date "2022.01.05"]
[Round "5.5"]
[White "Habans Aguerrea, Javier"]
[Black "Alonso Bouza, Julio Javier"]
[Result "1/2-1/2"]
[WhiteElo "2298"]
[BlackElo "2396"]
[Annotator "ChessBase"]
[PlyCount "62"]
[EventDate "2022.01.02"]
[EventType "tourn"]
[EventCountry "ESP"]
[SourceTitle "playchess.com"]
[Source "ChessBase"]
[SourceQuality "1"]
[TimeControl "5400+30"]

1. d4 d6 2. e4 Nf6 3. Nc3 g6 4. Nf3 Bg7 5. Bc4 O-O 6. O-O Bg4 7. h3 Bxf3 8. Qxf3 Nc6 9. Ne2 e5 10. d5 Ne7 11. Nc3 Nd7 12. Qe2 {[%emt 0:04:32]} f5 {[%emt 0:09:24]} 13. exf5 {[%emt 0:00:30]} gxf5 {[%emt 0:00:30]} 14. Bg5 {[%emt 0:00:30]} Bf6 {[%emt 0:00:30]} 15. Bxf6 {[%emt 0:00:30]} Rxf6 {[%emt 0:00:30]} 16. f4 {[%emt 0:00:30]} Kh8 {[%emt 0:00:30]} 17. Bb5 {[%emt 0:00:30]} c6 {[%emt 0:00:30]} 18. dxc6 {[%emt 0:00:30]} bxc6 {[%emt 0:00:30]} 19. fxe5 {[%emt 0:00:30]} Nxe5 {[%emt 0:00:30]} 20. Bd3 {[%emt 0:00:30]} Qb6+ {[%emt 0:00:30]} 21. Kh1 {[%emt 0:00:30]} Qxb2 {[%emt 0:00:30]} 22. Qd2 {[%emt 0:00:30]} Qb7 {[%emt 0:00:30]} 23. Ne2 {[%emt 0:00:30]} c5 {[%emt 0:00:30]} 24. Rab1 {[%emt 0:00:30]} Qc6 {[%emt 0:00:30]} 25. Nf4 {[%emt 0:00:30]} Rg8 {[%emt 0:00:30]} 26. Bb5 {[%emt 0:00:30]} Qa8 {[%emt 0:00:30]} 27. Ba6 {[%emt 0:00:30]} Rb8 {[%emt 0:00:30]} 28. Nh5 {[%emt 0:00:30]} Rg6 {[%emt 0:00:30]} 29. Nf4 {[%emt 0:00:30]} Rf6 {[%emt 0:00:30]} 30. Nh5 {[%emt 0:00:30]} Rg6 {[%emt 0:00:30]} 31. Nf4 {[%emt 0:00:30]} Rf6 {[%emt 0:18:54]} 1/2-1/2

[Event "II Cerrado Promocion FNA 2022"]
[Site "Pamplona"]
[Date "2022.01.06"]
[Round "6.2"]
[White "Labiano Hernandez, Juan"]
[Black "Habans Aguerrea, Javier"]
[Result "0-1"]
[WhiteElo "2210"]
[BlackElo "2298"]
[Annotator "ChessBase"]
[PlyCount "132"]
[EventDate "2022.01.02"]
[EventType "tourn"]
[EventCountry "ESP"]
[SourceTitle "playchess.com"]
[Source "ChessBase"]
[SourceQuality "1"]
[TimeControl "5400+30"]

1. d4 {[%emt 0:00:05]} Nf6 {[%emt 0:00:13]} 2. Nf3 {[%emt 0:00:06]} c5 {[%emt 0:01:46]} 3. d5 {[%emt 0:00:20]} g6 {[%emt 0:00:08]} 4. Nc3 {[%emt 0:00:24]} Bg7 {[%emt 0:00:10]} 5. e4 {[%emt 0:00:18]} O-O {[%emt 0:00:23]} 6. Bd3 {[%emt 0:08:48]} d6 {[%emt 0:01:37]} 7. h3 {[%emt 0:06:07]} e6 {[%emt 0:11:35]} 8. O-O {[%emt 0:01:16]} exd5 {[%emt 0:01:40]} 9. exd5 {[%emt 0:00:56]} Na6 {[%emt 0:00:44]} 10. Bc4 {[%emt 0:04:58]} Nc7 {[%emt 0:03:05]} 11. Re1 {[%emt 0:03:52]} Qd7 {[%emt 0:09:11]} 12. a4 {[%emt 0:02:04]} b6 {[%emt 0:01:32]} 13. Bf4 {[%emt 0:04:39]} Bb7 {[%emt 0:03:04]} 14. Qd3 {[%emt 0:00:35]} a6 {[%emt 0:05:57]} 15. Bh2 {[%emt 0:08:36]} Rfd8 {[%emt 0:12:19]} 16. Ng5 {[%emt 0:10:35]} h6 {[%emt 0:15:35]} 17. Nge4 {[%emt 0:00:55]} Nxe4 {[%emt 0:00:37]} 18. Nxe4 {[%emt 0:00:46]} b5 {[%emt 0:01:43]} 19. Ba2 {[%emt 0:10:25]} c4 {[%emt 0:01:05]} 20. Qf3 {[%emt 0:00:48]} Nxd5 {[%emt 0:04:12]} 21. Nxd6 {[%emt 0:07:59]} Bc6 {[%emt 0:01:10]} 22. Ne4 {[%emt 0:02:30]} Bxb2 {[%emt 0:07:54]} 23. Rad1 {[%emt 0:00:35]} Qf5 {[%emt 0:00:30]} 24. Qxf5 {[%emt 0:01:23]} gxf5 {[%emt 0:00:02]} 25. Ng3 {[%emt 0:00:51]} Nc3 {[%emt 0:02:31]} 26. Rxd8+ {[%emt 0:00:04]} Rxd8 {[%emt 0:00:01]} 27. Nxf5 {[%emt 0:00:49]} Be4 {[%emt 0:10:20]} 28. Nd6 {[%emt 0:05:16]} Bg6 {[%emt 0:01:11]} 29. axb5 {[%emt 0:01:25]} axb5 {[%emt 0:00:20]} 30. Nxc4 {[%emt 0:04:17]} bxc4 {[%emt 0:00:21]} 31. Bxc4 {[%emt 0:00:02]} Bxc2 {[%emt 0:01:18]} 32. Bf4 {[%emt 0:00:06]} Rd4 {[%emt 0:02:32]} 33. Re8+ {[%emt 0:00:09]} Kh7 {[%emt 0:00:02]} 34. Rh8+ {[%emt 0:00:34]} Kxh8 {[%emt 0:00:21]} 35. Be5+ {[%emt 0:00:01]} Kg8 {[%emt 0:00:02]} 36. Bxd4 {[%emt 0:00:19]} Ne2+ {[%emt 0:00:01]} 37. Bxe2 {[%emt 0:00:01]} Bxd4 {[%emt 0:00:01]} 38. Bf3 {[%emt 0:00:34]} Kg7 {[%emt 0:01:13]} 39. g3 {[%emt 0:00:19]} Kf6 {[%emt 0:00:17]} 40. Kg2 {[%emt 0:00:10]} Ke5 {[%emt 0:00:32]} 41. Be2 {[%emt 0:00:40]} f6 {[%emt 0:00:53]} 42. Ba6 {[%emt 0:00:25]} Be4+ {[%emt 0:00:44]} 43. Kf1 {[%emt 0:00:07]} Bb6 {[%emt 0:00:23]} 44. Ke2 {[%emt 0:01:06]} Kd4 {[%emt 0:00:07]} 45. h4 {[%emt 0:00:29]} Bc7 {[%emt 0:00:28]} 46. Bb5 {[%emt 0:00:41]} Bg6 {[%emt 0:01:21]} 47. Kf3 {[%emt 0:00:21]} Ke5 {[%emt 0:00:13]} 48. Bd7 {[%emt 0:00:40]} Bh5+ {[%emt 0:00:39]} 49. Bg4 {[%emt 0:00:08]} Bf7 {[%emt 0:02:21]} 50. Bc8 {[%emt 0:00:18]} Bb6 {[%emt 0:00:17]} 51. g4 {[%emt 0:00:43]} Ba5 {[%emt 0:00:36]} 52. Ke3 {[%emt 0:00:21]} Bb6+ {[%emt 0:00:00]} 53. Kf3 {[%emt 0:00:01]} Be6 {[%emt 0:01:00]} 54. Ba6 {[%emt 0:00:48]} Ba5 {[%emt 0:00:01]} 55. Kg3 {[%emt 0:01:20]} Bd2 {[%emt 0:00:02]} 56. Bb7 {[%emt 0:00:27]} Bf4+ {[%emt 0:00:14]} 57. Kf3 {[%emt 0:00:16]} Bc1 {[%emt 0:00:01]} 58. Kg3 {[%emt 0:00:08]} Bd2 {[%emt 0:00:10]} 59. Bc6 {[%emt 0:00:11]} Bd5 {[%emt 0:01:03]} 60. Bxd5 {[%emt 0:02:01]} Kxd5 {[%emt 0:00:01]} 61. f4 {[%emt 0:00:01]} Ke4 {[%emt 0:00:48]} 62. f5 {[%emt 0:00:39]} Be1+ {[%emt 0:00:20]} 63. Kh3 {[%emt 0:00:02]} Kf4 {[%emt 0:00:18]} 64. g5 {[%emt 0:00:08]} hxg5 {[%emt 0:00:02]} 65. h5 {[%emt 0:00:09]} g4+ {[%emt 0:00:12]} 66. Kg2 {[%emt 0:00:05]} Kxf5 {[%emt 0:00:06]} 0-1

[Event "II Cerrado Promocion FNA 2022"]
[Site "Pamplona"]
[Date "2022.01.06"]
[Round "6.3"]
[White "Escartin Lacasa, Jose"]
[Black "Urriza Iricibar, Pablo"]
[Result "1-0"]
[WhiteElo "2315"]
[BlackElo "2286"]
[Annotator "TA"]
[PlyCount "79"]
[EventDate "2022.01.02"]
[EventType "tourn"]
[EventCountry "ESP"]
[SourceTitle "playchess.com"]
[Source "ChessBase"]
[SourceQuality "1"]

{[%evp 15,79,31,28,34,63,63,58,50,74,49,121,110,115,116,165,178,158,81,139,97,93,66,64,73,99,97,256,255,279,262,370,251,485,0,245,239,434,413,413,395,505,523,525,516,509,505,487,487,485,457,683,684,655,641,591,557,841,843,6844,2330,29991,6632,6542,6197,2566,2221]} 1. d4 {Johnson,M} f5 2. g3 Nf6 3. Bg2 g6 4. Nf3 Bg7 5. O-O O-O 6. c4 d6 7. Nc3 c6 {7...Nc6 is the recent fashion.} 8. d5 Bd7 9. e4 {A88: Dutch Defence: Leningrad System: 5 Nf3 0-0 6 0-0 d6 7 Nc3 c6.} Nxe4 10. Nxe4 fxe4 11. Ng5 {[#] White is slightly better.} Qe8 $146 ({Predecessor:} 11... Na6 12. Nxe4 Rb8 13. Qe2 Kh8 14. Bg5 h6 15. Bd2 Nc7 16. Bc3 cxd5 17. cxd5 Nxd5 18. Bxg7+ Kxg7 19. Nxd6 exd6 20. Bxd5 {½-½ (60) Ziegler,A (2440)-Hansen,C (2615) Malmo 1996 CBM 054 [Johnson,M]}) 12. Bxe4 {[%cal Og5h7] Strongly threatening Nxh7!} Bf5 (12... h6 $14) 13. Bxf5 $16 Rxf5 14. Ne6 Na6 {Prevents Nc7.} (14... cxd5 $16 15. cxd5 (15. Nc7 Qc8 $14) 15... Qc8) 15. Nxg7 $18 Kxg7 16. g4 (16. Qd2 $6 cxd5 17. Qd4+ (17. cxd5 Kg8 $11) (17. g4 Rf7 $11) 17... Kg8 $11) ({White should play} 16. Qd4+ Kg8 17. b3 (17. Bh6 Rf7 $14)) 16... Rf8 (16... Rf7 $142) 17. Qd4+ (17. Qd2 $6 cxd5 18. cxd5 Qf7 $11) (17. b3 $142 cxd5 18. Qxd5 (18. Qd2 dxc4 19. Bb2+ Kg8 $11)) 17... Kg8 $16 18. Bh6 {[%csl Gh6][%cal Rd4g7]} Rf7 {Prevents Qg7+.} 19. Rae1 Qc8 20. Re6 {aiming for Rfe1. White is much more active.} Nc7 $2 (20... cxd5 $16 {is a better defense.} 21. cxd5 Qc5) 21. Rfe1 $1 $18 {[%cal Bf1e1,Be1e3,Be3g3][%mdl 32]} c5 (21... Nxe6 $2 22. dxe6 Qe8 23. exf7+ $18) 22. Qc3 {f4 is the strong threat.} Qd7 (22... Nxe6 $2 23. dxe6 Qe8 24. Re3 $18) (22... b5 $142 23. b3 (23. Rxe7 Qxg4+ 24. Qg3 Qxg3+ 25. fxg3 bxc4 $15) 23... b4) 23. Qd3 (23. R6e4 Re8 $16) 23... Rf6 $2 {[#]} (23... Nxe6 $2 24. dxe6 Qe8 25. exf7+ $18) (23... Re8 24. Qe2 (24. Rxg6+ hxg6 25. Qxg6+ Kh8 $11) 24... a5) 24. Qc3 $2 Re8 $2 (24... Nxe6 $2 25. dxe6 Qc6 26. g5 $18) (24... Rf7 $1 $11 {and Black has nothing to worry.}) 25. R1e3 $40 {[%mdl 128] White goes for the king.} Qc8 $2 (25... Nxe6 $2 26. dxe6 Qa4 27. g5 Qd1+ 28. Kg2 Qg4+ 29. Kf1 $18) (25... b5) 26. Rxe7 Rxe7 27. Qxf6 ({Less strong is} 27. Rxe7 Qxg4+ 28. Qg3 Qxg3+ 29. fxg3 (29. hxg3 Rf7 $16) 29... Rf7 $16) 27... Qxg4+ 28. Kh1 {[%csl Gh6][%cal Rf6f8,Bg1h1,Bh1g2,Bg2h3,Bh3h4][%mdl 32]} Qd1+ 29. Kg2 {[%csl Gh6][%cal Rf6f8]} Qg4+ 30. Rg3 {[%csl Gh6][%cal Rf6f8]} Qe4+ 31. f3 {[%csl Gh6][%cal Rf6f8]} Qe2+ {[#]} 32. Kh3 $1 {[%csl Gh6][%cal Rf6f8]} Rf7 {[#] Inhibits Qf8+.} (32... Ne6 $142 33. Rg2 (33. Qxe7 $2 {perishes.} Nf4+ 34. Bxf4 Qxe7 $19) 33... Qe5 34. Qxe5 dxe5 35. dxe6 Rxe6) 33. Rxg6+ $1 {[%mdl 512]} hxg6 34. Qxg6+ Kh8 35. Qxf7 {[%csl Gh6][%cal Rf7g7]} Qf1+ 36. Kh4 {[%csl Gh6][%cal Rf7g7]} Qe1+ 37. Kh5 (37. Kg5 $142 Ne8 38. Kg6 Qb1+ 39. Kh5 Qe1 40. f4 Qe4 41. f5 Qe5 42. Kg6) 37... Ne8 38. Qf8+ (38. Bg5 $142 Qe5 39. h4 Qf5 40. Qxf5 Ng7+ 41. Kg6 Nxf5 42. h5 a5 43. h6) 38... Kh7 39. Qf5+ Kh8 40. Kg6 {Weighted Error Value: White=0.27 (precise) /Black=1.00} 1-0

[Event "II Cerrado Promocion FNA 2022"]
[Site "Pamplona"]
[Date "2022.01.06"]
[Round "6.5"]
[White "Minzer, Claudio Javier"]
[Black "Luque Saiz, Andres"]
[Result "0-1"]
[WhiteElo "2442"]
[BlackElo "2288"]
[Annotator "ChessBase"]
[PlyCount "86"]
[EventDate "2022.01.02"]
[EventType "tourn"]
[EventCountry "ESP"]
[SourceTitle "playchess.com"]
[Source "ChessBase"]
[SourceQuality "1"]
[TimeControl "5400+30"]

1. c4 {[%emt 0:00:04]} c6 {[%emt 0:00:31]} 2. e4 {[%emt 0:00:52]} d5 {[%emt 0:00:19]} 3. exd5 {[%emt 0:00:07]} cxd5 {[%emt 0:00:06]} 4. cxd5 {[%emt 0:00:42]} Nf6 {[%emt 0:00:24]} 5. Nc3 {[%emt 0:00:25]} Nxd5 {[%emt 0:03:18]} 6. Bc4 {[%emt 0:00:31]} Nb6 {[%emt 0:08:07]} 7. Bb3 {[%emt 0:00:23]} Nc6 {[%emt 0:01:04]} 8. Nf3 {[%emt 0:01:33]} g6 {[%emt 0:07:07]} 9. d4 {[%emt 0:02:37]} Bg7 {[%emt 0:01:40]} 10. O-O {[%emt 0:02:25]} O-O {[%emt 0:04:57]} 11. a4 {[%emt 0:02:22]} Bg4 {[%emt 0:04:25]} 12. Be3 {[%emt 0:22:50]} Na5 {[%emt 0:15:25]} 13. Ba2 {[%emt 0:02:30]} Nac4 {[%emt 0:01:43]} 14. Qe2 {[%emt 0:08:13]} Rc8 {[%emt 0:06:05]} 15. Rfc1 {[%emt 0:01:47]} Nxe3 {[%emt 0:09:12]} 16. fxe3 {[%emt 0:00:41]} e5 {[%emt 0:01:19]} 17. Rd1 {[%emt 0:02:35]} exd4 {[%emt 0:12:49]} 18. exd4 {[%emt 0:02:13]} Re8 {[%emt 0:03:59]} 19. Qf1 {[%emt 0:02:14]} Qf6 {[%emt 0:06:05]} 20. Ne5 {[%emt 0:03:19]} Be6 {[%emt 0:01:16]} 21. Qxf6 {[%emt 0:12:04]} Bxf6 {[%emt 0:00:05]} 22. Ne4 {[%emt 0:00:04]} Bxe5 {[%emt 0:04:37]} 23. dxe5 {[%emt 0:00:06]} Re7 {[%emt 0:00:26]} 24. a5 {[%emt 0:01:08]} Nc4 {[%emt 0:01:36]} 25. Rac1 {[%emt 0:07:30]} Rc6 {[%emt 0:02:51]} 26. Bxc4 {[%emt 0:07:55]} Rxc4 {[%emt 0:01:05]} 27. Rxc4 {[%emt 0:02:22]} Bxc4 {[%emt 0:00:04]} 28. Rd4 {[%emt 0:00:04]} Bb5 {[%emt 0:01:10]} 29. Nf6+ {[%emt 0:00:39]} Kg7 {[%emt 0:00:12]} 30. Rd8 {[%emt 0:00:02]} Rxe5 {[%emt 0:01:09]} 31. Ng4 {[%emt 0:00:59]} Re2 {[%emt 0:00:19]} 32. h3 {[%emt 0:15:14]} Bc6 {[%emt 0:01:41]} 33. Nf2 {[%emt 0:00:00]} Rxb2 {[%emt 0:00:07]} 34. g4 {[%emt 0:00:00]} Ra2 {[%emt 0:00:36]} 35. h4 {[%emt 0:00:00]} Rxa5 {[%emt 0:00:27]} 36. g5 {[%emt 0:00:00]} h6 {[%emt 0:00:43]} 37. gxh6+ {[%emt 0:02:30]} Kxh6 {[%emt 0:00:05]} 38. Kh2 {[%emt 0:00:30]} Kg7 39. Rc8 {[%emt 0:00:00]} Rf5 {[%emt 0:01:54]} 40. Nh3 {[%emt 0:00:00]} a5 {[%emt 0:00:20]} 41. Ng5 {[%emt 0:00:00]} a4 {[%emt 0:00:24]} 42. Kg3 {[%emt 0:00:00]} Ra5 {[%emt 0:00:24]} 43. Rc7 {[%emt 0:00:00]} Bd5 {[%emt 0:00:11]} 0-1

[Event "II Cerrado Promocion FNA 2022"]
[Site "Pamplona"]
[Date "2022.01.07"]
[Round "7.2"]
[White "Garrido Outon, Alex"]
[Black "Minzer, Claudio Javier"]
[Result "1/2-1/2"]
[WhiteElo "2412"]
[BlackElo "2442"]
[Annotator "TA"]
[PlyCount "62"]
[EventDate "2022.01.02"]
[EventType "tourn"]
[EventCountry "ESP"]
[SourceTitle "playchess.com"]
[Source "ChessBase"]
[SourceQuality "1"]

{[%evp 35,62,74,85,0,73,67,91,-13,71,71,71,72,78,0,24,16,16,16,21,28,40,16,18,18,30,16,28,9,33]} 1. e4 c5 2. Nf3 Nc6 3. d4 cxd4 4. Nxd4 g6 5. c4 Bg7 6. Be3 Nf6 7. Nc3 Ng4 8. Qxg4 Nxd4 9. Qd1 Ne6 10. Rc1 d6 11. Be2 Bd7 12. O-O O-O 13. Qd2 a5 14. Rfd1 Bc6 15. f3 Nc5 16. b3 Qb6 17. Nd5 Bxd5 18. cxd5 Rfc8 19. Rc2 {B38: Sicilian: Maroczy Bind with 5...Bg7 and 7...0-0.} (19. Rc4 $16) 19... Qb4 (19... Bh6 $1 $11) 20. Rdc1 Qxd2 21. Rxd2 {[#]} (21. Bxd2 $16 Bd4+ 22. Kh1) 21... Nd7 $146 (21... a4 $1 $11 {remains equal.}) ({Predecessor:} 21... Rf8 22. Kf1 h5 23. Rcc2 Rfc8 24. Rd1 Kh7 25. Bg5 f6 26. Be3 Bh6 27. Bf2 Nd7 28. Rxc8 Rxc8 {0-1 (75) Adam,V (2279)-Boehmer,K Vancouver 2001}) 22. Rdc2 $16 {White is more active.} Rxc2 23. Rxc2 Nc5 24. Bxc5 (24. Bb5 $16) 24... dxc5 {[%mdl 4096] Endgame KRB-KRB} 25. a4 Bd4+ 26. Kf1 e6 27. Bc4 e5 28. Ke2 Kg7 29. Rc1 Rd8 30. Rf1 Rd6 31. Kd3 b6 {Weighted Error Value: White=0.34/Black=0.29 (precise)} 1/2-1/2

[Event "II Cerrado Promocion FNA 2022"]
[Site "Pamplona"]
[Date "2022.01.07"]
[Round "7.4"]
[White "Habans Aguerrea, Javier"]
[Black "Escartin Lacasa, Jose"]
[Result "1/2-1/2"]
[WhiteElo "2298"]
[BlackElo "2315"]
[Annotator "ChessBase"]
[PlyCount "72"]
[EventDate "2022.01.02"]
[EventType "tourn"]
[EventCountry "ESP"]
[SourceTitle "playchess.com"]
[Source "ChessBase"]
[SourceQuality "1"]
[TimeControl "5400+30"]

1. d4 {[%emt 0:00:03]} d5 {[%emt 0:00:05]} 2. c4 {[%emt 0:00:06]} c6 {[%emt 0:00:09]} 3. cxd5 {[%emt 0:00:07]} cxd5 {[%emt 0:00:04]} 4. Bf4 {[%emt 0:00:08]} Nc6 {[%emt 0:00:32]} 5. e3 {[%emt 0:00:09]} Nf6 {[%emt 0:02:03]} 6. Nc3 {[%emt 0:00:07]} Bg4 {[%emt 0:02:15]} 7. Qb3 {[%emt 0:00:15]} Na5 {[%emt 0:00:19]} 8. Qa4+ {[%emt 0:00:09]} Bd7 {[%emt 0:00:09]} 9. Qc2 {[%emt 0:00:11]} Rc8 {[%emt 0:01:13]} 10. Bd3 {[%emt 0:00:12]} e6 {[%emt 0:00:19]} 11. Nf3 {[%emt 0:00:11]} Bb4 {[%emt 0:00:41]} 12. O-O {[%emt 0:01:39]} O-O {[%emt 0:01:59]} 13. Rfc1 {[%emt 0:02:07]} h6 {[%emt 0:03:11]} 14. h3 {[%emt 0:02:48]} Nc4 {[%emt 0:06:29]} 15. a3 {[%emt 0:20:30]} Bxc3 {[%emt 0:01:03]} 16. bxc3 {[%emt 1:09:48]} Qa5 {[%emt 1:17:59]} 17. a4 {[%emt 0:00:00]} Rc6 {[%emt 0:00:00]} 18. Ne5 {[%emt 0:00:00]} Nxe5 {[%emt 0:00:00]} 19. Bxe5 {[%emt 0:00:00]} Rfc8 {[%emt 0:00:00]} 20. Ra3 {[%emt 0:00:00]} Ne4 {[%emt 0:00:00]} 21. Bxe4 {[%emt 0:00:00]} dxe4 {[%emt 0:00:00]} 22. Qxe4 {[%emt 0:00:00]} f6 {[%emt 0:00:00]} 23. Bg3 {[%emt 0:00:00]} b5 {[%emt 0:00:00]} 24. Rb1 {[%emt 0:00:00]} Rb6 {[%emt 0:00:00]} 25. Rab3 {[%emt 0:03:43]} Qxa4 {[%emt 0:00:00]} 26. Bf4 {[%emt 0:00:11]} Qc4 {[%emt 0:00:00]} 27. Ra3 {[%emt 0:00:30]} a6 {[%emt 0:00:00]} 28. Rba1 {[%emt 0:00:02]} Qc6 {[%emt 0:00:00]} 29. Qxc6 {[%emt 0:01:24]} Rcxc6 {[%emt 0:00:00]} 30. e4 {[%emt 0:00:15]} b4 {[%emt 0:00:00]} 31. cxb4 {[%emt 0:00:08]} Rxb4 {[%emt 0:00:00]} 32. d5 {[%emt 0:01:09]} Rc8 {[%emt 0:00:00]} 33. dxe6 {[%emt 0:00:36]} Bxe6 {[%emt 0:00:00]} 34. Rxa6 {[%emt 0:00:07]} Rxe4 {[%emt 0:00:00]} 35. Be3 {[%emt 0:00:18]} Rc7 {[%emt 0:00:00]} 36. Ra7 {[%emt 0:00:59]} Rec4 {[%emt 0:00:00]} 1/2-1/2